Statistics for Countries with skyscrapers in the EU

Click here to take the quiz!

General Stats

  • This quiz has been taken 37 times
  • The average score is 9 of 10

Answer Stats

#Country% Correct
25France
100%
19Germany
100%
9Italy
100%
13Spain
100%
8Netherlands
97%
1Sweden
97%
3Austria
94%
14Poland
94%
1Lithuania
55%
1Cyprus
45%

Score Distribution

Percentile by Number Answered

Percent of People with Each Score

Your Score History

You have not taken this quiz